[Event "Copenhagen Chess Challenge 2010"]
[Site "Ballerup"]
[Date "2010.??.??"]
[Round "5"]
[White "Hvenekilde, Jorgen"]
[Black "Skjoldager, Mikael"]
[Result "0-1"]
[WhiteElo "2128"]
[BlackElo "1958"]
[PlyCount "140"]
[EventDate "2010.??.??"]
[EventType "swiss"]
[EventRounds "9"]
[EventCountry "DEN"]

1. d4 Nf6 2. Nf3 g6 3. c4 Bg7 4. Nc3 d5 5. cxd5 Nxd5 6. e4 Nxc3 7. bxc3 c5 8.
Be3 Qa5 9. Qd2 O-O 10. Rc1 cxd4 11. cxd4 Qxd2+ 12. Kxd2 Rd8 13. Bc4 Nc6 14. d5
e6 15. Ke2 exd5 16. Bxd5 Nb4 17. Bc4 Be6 18. Bxe6 fxe6 19. a3 Na2 20. Rce1 Nc3+
21. Kf1 Nxe4 22. g3 Rd3 23. Kg2 Rxa3 24. Bd4 Bxd4 25. Nxd4 Nc5 26. Nxe6 Nxe6
27. Rxe6 Ra2 28. Re7 b5 29. Rb7 a6 30. Rd1 Rf8 31. Rdd7 Raxf2+ 32. Kh3 R2f7 33.
Rxf7 Rxf7 34. Rb6 Ra7 35. Kg4 a5 36. Rxb5 a4 37. Rb2 a3 38. Ra2 Kf7 39. Kf4 Ke6
40. Ke4 Ra4+ 41. Ke3 Kd5 42. Kd3 g5 43. Kc3 Ke4 44. Kb3 Ra7 45. Kc4 Kf3 46. Kd4
g4 47. Kd3 h5 48. Kd4 Ra6 49. Kd3 Ra4 50. Kc3 Re4 51. Kd3 Re3+ 52. Kd4 Re2 53.
Rxa3+ Kg2 54. Ra5 Kxh2 55. Rxh5+ Kxg3 56. Kd3 Re8 57. Rg5 Kf3 58. Rf5+ Kg2 59.
Rg5 g3 60. Rg7 Kh2 61. Rh7+ Kg1 62. Rg7 g2 63. Rg6 Re5 64. Rh6 Kf2 65. Rf6+ Kg3
66. Rg6+ Kf3 67. Rg8 Rd5+ 68. Kc2 Rd4 69. Rf8+ Rf4 70. Rxf4+ Kxf4 0-1

[Event "Copenhagen Chess Challenge 2010"]
[Site "Ballerup"]
[Date "2010.??.??"]
[Round "5"]
[White "Andersen, Rune Egede"]
[Black "Reppen, Ellisiv"]
[Result "1-0"]
[WhiteElo "2073"]
[BlackElo "1944"]
[PlyCount "95"]
[EventDate "2010.??.??"]
[EventType "swiss"]
[EventRounds "9"]
[EventCountry "DEN"]

1. e4 e5 2. Nf3 Nc6 3. Bb5 a6 4. Ba4 Nf6 5. Qe2 b5 6. Bb3 Be7 7. c3 d6 8. d3
O-O 9. Nbd2 Bb7 10. Nf1 Na5 11. Bc2 c5 12. Ng3 Re8 13. Nf5 Bf8 14. Bg5 h6 15.
Bh4 g6 16. Ne3 Bg7 17. Ng4 g5 18. Nxg5 Nxg4 19. Qxg4 hxg5 20. Bxg5 Qc8 21. Qg3
Qe6 22. Bd1 Qg6 23. Qh4 f6 24. Be3 Qh7 25. Bh5 Rf8 26. g4 c4 27. g5 fxg5 28.
Qxg5 cxd3 29. Bg6 Qh3 30. Rg1 Bc8 31. O-O-O Nc4 32. Rg3 Qh8 33. Rxd3 Nxe3 34.
fxe3 Rf1+ 35. Kc2 Rf2+ 36. Rd2 Rxd2+ 37. Kxd2 Be6 38. h4 Rf8 39. Bf5 Bxf5 40.
exf5 Qh7 41. f6 Rf7 42. fxg7 Rf2+ 43. Ke1 Rf1+ 44. Kxf1 Qd3+ 45. Kg2 Qe2+ 46.
Kh3 Qf1+ 47. Kh2 Qf2+ 48. Rg2 1-0

[Event "Copenhagen Chess Challenge 2010"]
[Site "Ballerup"]
[Date "2010.??.??"]
[Round "5"]
[White "Hauge, Lars Oskar"]
[Black "Johansson, Anders"]
[Result "0-1"]
[WhiteElo "1823"]
[BlackElo "2071"]
[PlyCount "64"]
[EventDate "2010.??.??"]
[EventType "swiss"]
[EventRounds "9"]
[EventCountry "DEN"]

1. e4 d5 2. exd5 Qxd5 3. Nf3 Bg4 4. Be2 Nc6 5. Nc3 Qd7 6. d3 e5 7. Be3 O-O-O 8.
O-O f6 9. Ne4 Kb8 10. Rb1 g5 11. b4 h5 12. b5 Nd4 13. Bxd4 exd4 14. a4 Bxf3 15.
Bxf3 g4 16. Be2 f5 17. Nd2 Nf6 18. Nc4 Bd6 19. Na5 Nd5 20. Nc6+ Ka8 21. Nxd8
Qxd8 22. Rb3 Qh4 23. g3 Qf6 24. Bf3 Nc3 25. Rxc3 dxc3 26. Bg2 f4 27. Be4 Qg5
28. Qe1 Qc5 29. a5 h4 30. a6 hxg3 31. Bxb7+ Kb8 32. Qe6 Qh5 0-1

[Event "Copenhagen Chess Challenge 2010"]
[Site "Ballerup"]
[Date "2010.??.??"]
[Round "5"]
[White "Peschardt, Soren"]
[Black "Molvig, Julius"]
[Result "1-0"]
[WhiteElo "2069"]
[BlackElo "1782"]
[PlyCount "71"]
[EventDate "2010.??.??"]
[EventType "swiss"]
[EventRounds "9"]
[EventCountry "DEN"]

1. d4 Nf6 2. Nf3 g6 3. g3 Bg7 4. Bg2 O-O 5. O-O d6 6. Bg5 Nbd7 7. c4 h6 8. Bxf6
Nxf6 9. Nc3 c5 10. d5 Bf5 11. Nh4 Bg4 12. Qc2 Qd7 13. e4 Nh7 14. Rae1 f5 15.
Nxg6 Rf6 16. Nh4 f4 17. f3 Bh3 18. Bxh3 Qxh3 19. Qg2 Qd7 20. g4 Rf7 21. Nf5 Kh8
22. Qd2 Be5 23. Ne2 Ng5 24. Kg2 e6 25. dxe6 Nxe6 26. Rd1 Rd8 27. Nxh6 Rh7 28.
Nf5 Qf7 29. Rh1 Nd4 30. Nexd4 cxd4 31. b3 Rg8 32. h3 Qf6 33. Nxd4 Rg6 34. Nf5
Rd7 35. Qf2 Qf7 36. Qh4+ 1-0

[Event "Copenhagen Chess Challenge 2010"]
[Site "Ballerup"]
[Date "2010.??.??"]
[Round "5"]
[White "Haubro, Martin"]
[Black "Grove, Peter"]
[Result "0-1"]
[WhiteElo "1907"]
[BlackElo "2124"]
[PlyCount "66"]
[EventDate "2010.??.??"]
[EventType "swiss"]
[EventRounds "9"]
[EventCountry "DEN"]

1. e4 d6 2. d4 Nf6 3. Nc3 c6 4. h3 Qa5 5. Bd3 e5 6. Nge2 Be7 7. a3 O-O 8. O-O
Rd8 9. Be3 Nbd7 10. f4 Nf8 11. b4 Qc7 12. Qd2 a5 13. b5 Ne6 14. bxc6 bxc6 15.
Rab1 exd4 16. Nxd4 Nc5 17. Nf3 d5 18. e5 Nfe4 19. Qe1 Nxd3 20. cxd3 Nc5 21. Qe2
Ba6 22. Rfd1 Rdb8 23. f5 Rxb1 24. Nxb1 Qb8 25. Qc2 Qb3 26. Qxb3 Nxb3 27. d4 Be2
28. Re1 Bd3 29. g4 a4 30. Kf2 Kf8 31. Kg3 Bxb1 32. Rxb1 Bxa3 33. Kf4 Bb4 0-1

[Event "Copenhagen Chess Challenge 2010"]
[Site "Ballerup"]
[Date "2010.??.??"]
[Round "5"]
[White "Andersen, Daniel"]
[Black "Vesterli, Michael E"]
[Result "0-1"]
[WhiteElo "1948"]
[BlackElo "1795"]
[PlyCount "86"]
[EventDate "2010.??.??"]
[EventType "swiss"]
[EventRounds "9"]
[EventCountry "DEN"]

1. c4 Nf6 2. Nc3 g6 3. e4 d6 4. d4 Bg7 5. f3 O-O 6. Be3 e5 7. Nge2 Nc6 8. d5
Ne7 9. Qd2 Nd7 10. g4 f5 11. gxf5 gxf5 12. Bh3 f4 13. Bf2 Ng6 14. O-O-O Nh4 15.
Bg4 Nb6 16. Bxc8 Rxc8 17. Qd3 Kh8 18. c5 Nd7 19. cxd6 cxd6 20. Kb1 Nc5 21. Bxc5
Rxc5 22. Rhg1 Ng6 23. Rg4 Bf6 24. Ng1 Qc8 25. Nh3 Rc4 26. Nb5 Qc5 27. b3 Rb4
28. Nc3 Rd4 29. Qc2 Rc8 30. Rc1 Nh4 31. Qf2 Rd3 32. Ne2 Qxc1+ 33. Nxc1 Rxf3 34.
Qxa7 Rxh3 35. Qxb7 Rhc3 36. Ne2 R3c7 37. Qb6 f3 38. Ng3 Rc1+ 39. Kb2 R1c2+ 40.
Ka3 Ng6 41. h4 Ra8+ 42. Kb4 Bd8 43. Qxd6 Be7 0-1

[Event "Copenhagen Chess Challenge 2010"]
[Site "Ballerup"]
[Date "2010.??.??"]
[Round "5"]
[White "Petrovski, Petruli"]
[Black "Kallen, Jonas"]
[Result "0-1"]
[WhiteElo "1818"]
[BlackElo "1893"]
[PlyCount "86"]
[EventDate "2010.??.??"]
[EventType "swiss"]
[EventRounds "9"]
[EventCountry "DEN"]

1. Nf3 Nf6 2. g3 c5 3. Bg2 g6 4. O-O Bg7 5. d3 d5 6. c4 O-O 7. Na3 Nc6 8. Rb1
e5 9. cxd5 Nxd5 10. Nc2 h6 11. Ne3 Nce7 12. a3 Be6 13. Nc4 Nc6 14. e4 Nc7 15.
b3 Nb5 16. Bb2 Qc7 17. Nh4 Qe7 18. a4 Nbd4 19. Nf3 Bg4 20. h3 Nxf3+ 21. Bxf3
Bxh3 22. Re1 h5 23. Ne3 Nb4 24. Bc3 Bh6 25. Nc4 Nc6 26. Bxh5 Rad8 27. Be2 Bg7
28. Qc2 Be6 29. Rbd1 Rd7 30. Kg2 Rfd8 31. Rh1 Nd4 32. Bxd4 Rxd4 33. Rh2 a6 34.
Rdh1 b5 35. axb5 axb5 36. Nd2 c4 37. bxc4 bxc4 38. Nxc4 Bxc4 39. Qc1 Bxd3 40.
Bxd3 Rxd3 41. f4 Rd2+ 42. Kf3 exf4 43. gxf4 R8d3+ 0-1

[Event "Copenhagen Chess Challenge 2010"]
[Site "Ballerup"]
[Date "2010.??.??"]
[Round "5"]
[White "Skovle, Lars"]
[Black "Schmidt, Horst Hubert"]
[Result "0-1"]
[WhiteElo "1678"]
[BlackElo "1873"]
[PlyCount "108"]
[EventDate "2010.??.??"]
[EventType "swiss"]
[EventRounds "9"]
[EventCountry "DEN"]

1. f4 d5 2. g3 Nf6 3. Bg2 e6 4. Nf3 Bd6 5. O-O O-O 6. d4 c5 7. c3 Nc6 8. Ne5
cxd4 9. cxd4 Qb6 10. e3 a5 11. Nc3 Qa6 12. g4 g6 13. h3 Bd7 14. Qe1 Kg7 15. a4
Nb4 16. Qh4 Bxe5 17. fxe5 Ng8 18. e4 Nc2 19. Bg5 h6 20. Bf6+ Kh7 21. Qf2 Nxf6
22. Qxc2 Ng8 23. exd5 Qc4 24. Rf4 Rac8 25. Raf1 Kg7 26. Qf2 Be8 27. dxe6 Qxe6
28. Bd5 Qe7 29. Ne4 Rc7 30. Nd6 b6 31. Ne4 Bxa4 32. Nd6 Be8 33. h4 Rd7 34. h5
Rxd6 35. exd6 Qxd6 36. Bxf7 Bb5 37. hxg6 Bxf1 38. Qxf1 Nf6 39. Rxf6 Qxf6 40.
Qxf6+ Kxf6 41. Kf2 b5 42. Ke3 Rd8 43. d5 b4 44. Kd4 a4 45. Kc5 a3 46. bxa3 b3
47. d6 b2 48. Ba2 Kxg6 49. Kc6 Kf6 50. Kc7 Ra8 51. d7 Ke7 52. Bb1 Ra7+ 53. Kc6
Rxa3 54. Kc7 Rc3+ 0-1

[Event "Copenhagen Chess Challenge 2010"]
[Site "Ballerup"]
[Date "2010.??.??"]
[Round "6"]
[White "Haub, Thorsten Michael"]
[Black "Brynell, Stellan"]
[Result "1/2-1/2"]
[WhiteElo "2508"]
[BlackElo "2479"]
[PlyCount "45"]
[EventDate "2010.??.??"]
[EventType "swiss"]
[EventRounds "9"]
[EventCountry "DEN"]

1. g3 e5 2. Bg2 Nf6 3. d3 d5 4. a3 c6 5. e3 Bd6 6. Nd2 O-O 7. Ne2 Re8 8. b3
Nbd7 9. O-O Nf8 10. Bb2 Ng6 11. e4 h5 12. c4 dxe4 13. dxe4 a5 14. Qc2 Qe7 15.
Nc3 h4 16. Na4 hxg3 17. hxg3 Bg4 18. c5 Bc7 19. Nc4 Qe6 20. Kh2 Qe7 21. Kg1 Qe6
22. Kh2 Qe7 23. Kg1 1/2-1/2

[Event "Copenhagen Chess Challenge 2010"]
[Site "Ballerup"]
[Date "2010.??.??"]
[Round "6"]
[White "Mikkelsen, Nikolaj"]
[Black "Danielsen, Henrik"]
[Result "1/2-1/2"]
[WhiteElo "2388"]
[BlackElo "2494"]
[PlyCount "97"]
[EventDate "2010.??.??"]
[EventType "swiss"]
[EventRounds "9"]
[EventCountry "DEN"]

1. e4 d6 2. d4 Nf6 3. Nc3 g6 4. f4 Bg7 5. Nf3 O-O 6. Bd3 Na6 7. O-O c5 8. d5
Bg4 9. Bc4 Nc7 10. h3 Bxf3 11. Qxf3 a6 12. a4 b6 13. Qd3 e6 14. Be3 exd5 15.
exd5 Re8 16. Rfe1 Qc8 17. Rad1 Rb8 18. Bf2 Qb7 19. Rxe8+ Nfxe8 20. Qf3 b5 21.
Bf1 bxa4 22. Nxa4 Nb5 23. Bc4 Nf6 24. Re1 Qd7 25. Kh2 Re8 26. Nb6 Qd8 27. Rxe8+
Qxe8 28. Bd3 Nh5 29. Nc4 Bd4 30. c3 Bxf2 31. Qxf2 Nf6 32. Ne3 Nc7 33. Qf3 Qb8
34. f5 Qd8 35. fxg6 hxg6 36. Qg3 Nh5 37. Qf3 Qg5 38. g3 Qe5 39. Ng4 Qe7 40.
Nh6+ Kg7 41. Nf5+ gxf5 42. Qxh5 Qe3 43. Qxf5 Qd2+ 44. Kg1 Qxb2 45. Qg5+ Kf8 46.
Qh6+ Ke7 47. Qh4+ Ke8 48. Qh8+ Ke7 49. Qh4+ 1/2-1/2

[Event "Copenhagen Chess Challenge 2010"]
[Site "Ballerup"]
[Date "2010.??.??"]
[Round "6"]
[White "Pedersen, Nicolai Vesterbaek"]
[Black "Tikkanen, Hans"]
[Result "1-0"]
[WhiteElo "2453"]
[BlackElo "2465"]
[PlyCount "41"]
[EventDate "2010.??.??"]
[EventType "swiss"]
[EventRounds "9"]
[EventCountry "DEN"]

1. d4 d5 2. c4 c6 3. Nf3 Nf6 4. e3 Bg4 5. h3 Bh5 6. Nc3 e6 7. g4 Bg6 8. Ne5
Nbd7 9. Nxg6 hxg6 10. Bd2 g5 11. Bd3 Qb6 12. Qf3 Be7 13. O-O-O O-O-O 14. h4 e5
15. hxg5 e4 16. Qf4 Nh7 17. Be2 Bxg5 18. Qf5 g6 19. Qxf7 Ndf8 20. cxd5 c5 21.
Na4 1-0

[Event "Copenhagen Chess Challenge 2010"]
[Site "Ballerup"]
[Date "2010.??.??"]
[Round "6"]
[White "Westerinen, Heikki"]
[Black "Grabarczyk, Miroslaw"]
[Result "1/2-1/2"]
[WhiteElo "2347"]
[BlackElo "2450"]
[PlyCount "84"]
[EventDate "2010.??.??"]
[EventType "swiss"]
[EventRounds "9"]
[EventCountry "DEN"]

1. e4 e5 2. Nf3 Nc6 3. Bb5 a6 4. Ba4 Nf6 5. O-O Be7 6. Re1 b5 7. Bb3 d6 8. c3
O-O 9. h3 Na5 10. Bc2 c5 11. d4 Qc7 12. Nbd2 cxd4 13. cxd4 Nc6 14. a3 Bd7 15.
d5 Na7 16. Nf1 Nc8 17. Be3 Nb6 18. b3 Rfc8 19. Bd3 Qb7 20. Qe2 Be8 21. Ng3 g6
22. Bg5 Nbd7 23. b4 Nb6 24. Rec1 Na4 25. Qd2 Bd7 26. Nh2 Rxc1+ 27. Rxc1 Rc8 28.
Nhf1 Rxc1 29. Qxc1 Qc8 30. Ne2 Qxc1 31. Bxc1 Bd8 32. Ne3 Ne8 33. Bc2 Nb6 34.
Bd3 Ng7 35. g4 h5 36. f3 Ne8 37. Kg2 Nf6 38. Nc3 hxg4 39. hxg4 Ne8 40. Kf2 Bg5
41. Bd2 Kf8 42. Nf1 Bxd2 1/2-1/2

[Event "Copenhagen Chess Challenge 2010"]
[Site "Ballerup"]
[Date "2010.??.??"]
[Round "6"]
[White "Bromann, Thorbjorn"]
[Black "Veng, Johny"]
[Result "1/2-1/2"]
[WhiteElo "2435"]
[BlackElo "2237"]
[PlyCount "80"]
[EventDate "2010.??.??"]
[EventType "swiss"]
[EventRounds "9"]
[EventCountry "DEN"]

1. e4 c5 2. Nf3 d6 3. d4 cxd4 4. Qxd4 a6 5. c4 Nc6 6. Qd3 g6 7. Be2 Bg7 8. O-O
Nf6 9. h3 O-O 10. Nc3 Rb8 11. Rd1 Nd7 12. Bg5 b5 13. cxb5 axb5 14. Nxb5 Ba6 15.
a4 Bxb2 16. Rab1 Bg7 17. Qc2 Nce5 18. Nfd4 h6 19. Be3 Rc8 20. Qa2 Nc5 21. f4
Ned7 22. e5 dxe5 23. fxe5 e6 24. Nf3 Qa5 25. Rd6 Bb7 26. Rc1 Bxf3 27. Bxf3 Nxe5
28. Be2 Ne4 29. Rcd1 Nxd6 30. Nxd6 Rc3 31. Bd4 Nf3+ 32. gxf3 Bxd4+ 33. Rxd4
Rc1+ 34. Bf1 Qc5 35. Qf2 Rd8 36. Nb5 Qg5+ 37. Rg4 Qe5 38. Rd4 Qg5+ 39. Rg4 Qe5
40. Rd4 Qg5+ 1/2-1/2

[Event "Copenhagen Chess Challenge 2010"]
[Site "Ballerup"]
[Date "2010.??.??"]
[Round "6"]
[White "Semcesen, Daniel"]
[Black "De Verdier, Michael"]
[Result "1-0"]
[WhiteElo "2424"]
[BlackElo "2286"]
[PlyCount "93"]
[EventDate "2010.??.??"]
[EventType "swiss"]
[EventRounds "9"]
[EventCountry "DEN"]

1. c4 Nf6 2. Nc3 e6 3. e4 d5 4. e5 d4 5. exf6 dxc3 6. bxc3 Qxf6 7. d4 b6 8. Be2
Bb7 9. Bf3 Bxf3 10. Nxf3 Qd8 11. Ne5 Nd7 12. Nc6 Qf6 13. O-O Bd6 14. f4 O-O 15.
Qf3 Rfe8 16. a4 a5 17. Ra2 Nf8 18. Re2 Ng6 19. Qe4 Qf5 20. Rfe1 Qxe4 21. Rxe4
Kf8 22. g3 Ne7 23. Ne5 Rad8 24. Nd3 Nc6 25. Kg2 Be7 26. Kf3 h5 27. R4e2 Bf6 28.
Be3 Ne7 29. Rb1 c5 30. Ne5 Bxe5 31. fxe5 cxd4 32. cxd4 Nf5 33. Ke4 Rc8 34. Rc2
Nxe3 35. Kxe3 Rc6 36. Rb5 Rec8 37. Kd3 Ke7 38. c5 Kd7 39. Kc4 f6 40. exf6 gxf6
41. Rcb2 bxc5 42. dxc5 h4 43. Rxa5 hxg3 44. hxg3 Rg8 45. Ra7+ Rc7 46. Rd2+ Kc6
47. Rd6# 1-0

[Event "Copenhagen Chess Challenge 2010"]
[Site "Ballerup"]
[Date "2010.??.??"]
[Round "6"]
[White "Skovgaard, Peter Nicolai"]
[Black "Bejtovic, Jasmin"]
[Result "1/2-1/2"]
[WhiteElo "2307"]
[BlackElo "2384"]
[PlyCount "31"]
[EventDate "2010.??.??"]
[EventType "swiss"]
[EventRounds "9"]
[EventCountry "DEN"]

1. e4 c5 2. Nf3 Nc6 3. d4 cxd4 4. Nxd4 g6 5. c4 Nf6 6. Nc3 d6 7. Nc2 Bg7 8. Be2
O-O 9. O-O a6 10. Bg5 Re8 11. Qd2 Be6 12. f3 Rc8 13. Rac1 Ne5 14. b3 Qa5 15.
Nd4 Nc6 16. Nxe6 1/2-1/2

[Event "Copenhagen Chess Challenge 2010"]
[Site "Ballerup"]
[Date "2010.??.??"]
[Round "6"]
[White "Matthiesen, Martin"]
[Black "Teplyi, Igor"]
[Result "1/2-1/2"]
[WhiteElo "2290"]
[BlackElo "2315"]
[PlyCount "84"]
[EventDate "2010.??.??"]
[EventType "swiss"]
[EventRounds "9"]
[EventCountry "DEN"]

1. Nf3 Nf6 2. c4 c5 3. Nc3 e6 4. e3 d5 5. d4 a6 6. a3 cxd4 7. exd4 dxc4 8. Bxc4
b5 9. Bb3 Bb7 10. O-O Be7 11. Re1 O-O 12. Bg5 Nbd7 13. Qe2 Nb6 14. Ne5 Nbd5 15.
Qf3 Qc7 16. Qh3 Nxc3 17. bxc3 Ne4 18. Bxe7 Qxe7 19. Qd3 Nf6 20. a4 bxa4 21.
Rxa4 Qc7 22. Qc4 Qd6 23. Qb4 Qc7 24. Qc4 Qd8 25. Qb4 Rb8 26. Qa5 Qd6 27. Qb4
Qd8 28. Qa5 Qxa5 29. Rxa5 Bxg2 30. Bxe6 fxe6 31. Kxg2 Rb2 32. c4 Nh5 33. Nd3
Nf4+ 34. Nxf4 Rxf4 35. Rxe6 Rbxf2+ 36. Kg3 R2f3+ 37. Kg2 Rf2+ 38. Kg3 R2f3+ 39.
Kg2 Rc3 40. Rexa6 Rxd4 41. Ra8+ Kf7 42. R8a7+ Ke8 1/2-1/2

[Event "Copenhagen Chess Challenge 2010"]
[Site "Ballerup"]
[Date "2010.??.??"]
[Round "6"]
[White "Hector, Jonny"]
[Black "Stigar, Petter"]
[Result "1-0"]
[WhiteElo "2582"]
[BlackElo "2281"]
[PlyCount "81"]
[EventDate "2010.??.??"]
[EventType "swiss"]
[EventRounds "9"]
[EventCountry "DEN"]

1. d4 d5 2. Nc3 Nf6 3. Bg5 c5 4. Bxf6 gxf6 5. e3 cxd4 6. exd4 h5 7. Bb5+ Nc6 8.
Qf3 e6 9. Nge2 Bd7 10. O-O Bd6 11. Rfe1 Kf8 12. Rad1 f5 13. Na4 Qh4 14. g3 Qg4
15. Qg2 h4 16. f3 Qh5 17. Nc5 Bxc5 18. dxc5 hxg3 19. hxg3 Ne5 20. Bxd7 Nxf3+
21. Kf2 Nxe1 22. Rxe1 Qh2 23. Nf4 Qxg2+ 24. Kxg2 Kg7 25. Re3 Rh6 26. Rb3 Rah8
27. Rxb7 e5 28. Ne2 Rh1 29. Bxf5 e4 30. Kf2 Kf6 31. Bd7 d4 32. Nxd4 Ke5 33. Ke3
Re1+ 34. Ne2 f5 35. Bb5 Rf1 36. Re7+ Kf6 37. Re8 Rf3+ 38. Kd4 Rh1 39. c6 Rd1+
40. Kc5 Rd2 41. c7 1-0

[Event "Copenhagen Chess Challenge 2010"]
[Site "Ballerup"]
[Date "2010.??.??"]
[Round "6"]
[White "Carstensen, Jacob"]
[Black "Berg, Klaus"]
[Result "1/2-1/2"]
[WhiteElo "2295"]
[BlackElo "2428"]
[PlyCount "31"]
[EventDate "2010.??.??"]
[EventType "swiss"]
[EventRounds "9"]
[EventCountry "DEN"]

1. d4 Nf6 2. c4 g6 3. Nc3 Bg7 4. e4 d6 5. Nf3 O-O 6. Be2 e5 7. O-O Nc6 8. dxe5
Nxe5 9. Nxe5 dxe5 10. Qxd8 Rxd8 11. Bg5 c6 12. Rad1 Be6 13. b3 h6 14. Be3 b6
15. Rxd8+ Rxd8 16. Rd1 1/2-1/2

[Event "Copenhagen Chess Challenge 2010"]
[Site "Ballerup"]
[Date "2010.??.??"]
[Round "6"]
[White "Nguyen, Michael"]
[Black "Smith, Axel"]
[Result "0-1"]
[WhiteElo "2187"]
[BlackElo "2408"]
[PlyCount "70"]
[EventDate "2010.??.??"]
[EventType "swiss"]
[EventRounds "9"]
[EventCountry "DEN"]

1. d4 d5 2. Nf3 Nf6 3. c4 e6 4. g3 dxc4 5. Bg2 c6 6. Ne5 Bb4+ 7. Bd2 Qxd4 8.
Bxb4 Qxe5 9. Na3 b5 10. O-O Nd5 11. Bc5 f6 12. Bd4 Qd6 13. e4 Ne7 14. e5 fxe5
15. Qh5+ Ng6 16. Nxb5 cxb5 17. Bxe5 Qxe5 18. Qf3 Nd7 19. Qxa8 O-O 20. Qxa7 Qc5
21. Qxc5 Nxc5 22. Rfd1 Ne5 23. Rac1 Ned3 24. Rc2 Nb4 25. Re2 Nxa2 26. Re5 Nd3
27. Rxb5 c3 28. Rxd3 c2 29. Rc5 c1=Q+ 30. Rxc1 Nxc1 31. Re3 Rd8 32. Bf3 Rd3 33.
Rxd3 Nxd3 34. b3 Kf7 35. h4 h6 0-1

[Event "Copenhagen Chess Challenge 2010"]
[Site "Ballerup"]
[Date "2010.??.??"]
[Round "6"]
[White "Akdag, Dara Sevkan"]
[Black "Skytte, Rasmus"]
[Result "1/2-1/2"]
[WhiteElo "2171"]
[BlackElo "2386"]
[PlyCount "185"]
[EventDate "2010.??.??"]
[EventType "swiss"]
[EventRounds "9"]
[EventCountry "DEN"]

1. d4 Nf6 2. c4 c5 3. d5 b5 4. cxb5 a6 5. b6 Qxb6 6. Nc3 d6 7. Nf3 g6 8. e4 Bg7
9. Be2 O-O 10. O-O a5 11. a4 Qb4 12. Nd2 Ba6 13. Bb5 Nbd7 14. Re1 Ne5 15. Nf3
Nxf3+ 16. Qxf3 Bxb5 17. axb5 a4 18. Bg5 a3 19. bxa3 Rxa3 20. Rxa3 Qxa3 21. e5
dxe5 22. b6 e4 23. Qh3 h6 24. Bxf6 Bxf6 25. Nxe4 Qb4 26. Nxf6+ exf6 27. Rd1 Kg7
28. d6 Qxb6 29. Qe3 Rd8 30. Qe7 c4 31. h3 c3 32. d7 c2 33. Rc1 Qb1 34. Qe1 Qb2
35. Qd2 Rxd7 36. Qxc2 Qe5 37. Rd1 Rc7 38. Qd3 Rc3 39. Qd2 Qc5 40. Qd4 Qxd4 41.
Rxd4 g5 42. g3 f5 43. Ra4 Kg6 44. Ra6+ f6 45. Ra4 Rc1+ 46. Kg2 Re1 47. Kf3 h5
48. Rb4 g4+ 49. hxg4 fxg4+ 50. Kg2 Ra1 51. Rb3 Ra6 52. Rc3 Kg5 53. Rb3 f5 54.
Rb5 Rf6 55. f3 Ra6 56. Rb2 Rc6 57. fxg4 hxg4 58. Ra2 Kf6 59. Rb2 Ke5 60. Kf2
Rc3 61. Rb4 Rc2+ 62. Kg1 Rd2 63. Rf4 Rd4 64. Rf2 Re4 65. Rd2 Re3 66. Kg2 Ke4
67. Ra2 Rc3 68. Re2+ Re3 69. Rd2 Re1 70. Ra2 Rd1 71. Re2+ Kd4 72. Re8 Rd2+ 73.
Kf1 Rd3 74. Kf2 Rf3+ 75. Kg2 Kd3 76. Re7 Kd2 77. Ra7 Rc3 78. Ra5 Rf3 79. Ra2+
Ke3 80. Ra3+ Ke2 81. Ra2+ Kd1 82. Ra1+ Kc2 83. Ra2+ Kb3 84. Rd2 Kc4 85. Rd8 Rd3
86. Rc8+ Kd5 87. Rd8+ Ke4 88. Re8+ Kd4 89. Rd8+ Ke3 90. Re8+ Kd2 91. Re5 Rf3
92. Ra5 Ke3 93. Ra3+ 1/2-1/2

[Event "Copenhagen Chess Challenge 2010"]
[Site "Ballerup"]
[Date "2010.??.??"]
[Round "6"]
[White "Brondum, Eric"]
[Black "Andersen, Mads"]
[Result "0-1"]
[WhiteElo "2135"]
[BlackElo "2331"]
[PlyCount "66"]
[EventDate "2010.??.??"]
[EventType "swiss"]
[EventRounds "9"]
[EventCountry "DEN"]

1. b3 e5 2. Bb2 Nc6 3. e3 Nf6 4. Bb5 Bd6 5. Na3 a6 6. Be2 b5 7. c4 b4 8. Nc2 e4
9. f4 Bb7 10. Nh3 Qe7 11. O-O Bc5 12. Nf2 Rd8 13. Ng4 Nxg4 14. Bxg4 O-O 15. Qe1
d5 16. cxd5 Rxd5 17. Rd1 Rfd8 18. Be2 Kh8 19. Bc4 R5d6 20. Rf2 Bc8 21. h3 Bb6
22. Qe2 a5 23. a4 f6 24. g4 Be6 25. Rg2 Qf7 26. g5 Bxc4 27. bxc4 f5 28. Kh1 b3
29. Na3 Rd3 30. g6 hxg6 31. Bc3 Bxe3 32. Nb5 Bxf4 33. Rdg1 Rxh3+ 0-1

[Event "Copenhagen Chess Challenge 2010"]
[Site "Ballerup"]
[Date "2010.??.??"]
[Round "6"]
[White "Skousen, Nikolai"]
[Black "Both, Erik"]
[Result "0-1"]
[WhiteElo "2317"]
[BlackElo "2188"]
[PlyCount "80"]
[EventDate "2010.??.??"]
[EventType "swiss"]
[EventRounds "9"]
[EventCountry "DEN"]

1. d4 Nf6 2. Bg5 e6 3. e4 h6 4. Bxf6 Qxf6 5. e5 Qd8 6. f4 d6 7. Nf3 c5 8. dxc5
Qa5+ 9. Nc3 Qxc5 10. Qd2 d5 11. Ne2 Nc6 12. Ned4 Bd7 13. c3 Nxd4 14. Nxd4 b5
15. b4 Qb6 16. a3 Be7 17. Bd3 O-O 18. O-O a5 19. Kh1 Rfc8 20. Rfc1 Rc7 21. Rg1
Rac8 22. Ne2 g6 23. Raf1 Bh4 24. Rf3 axb4 25. axb4 Be7 26. Bb1 Kg7 27. Rh3 Qf2
28. Rf3 Qa7 29. Rgf1 Qa3 30. Rh3 d4 31. f5 Bg5 32. f6+ Kg8 33. Qxd4 Bc6 34. Rg3
Qb2 35. Qg4 Bd5 36. Rg1 Rc4 37. Nd4 Rxc3 38. Rxc3 Rxc3 39. h4 h5 40. Qxg5 Rh3#
0-1

[Event "Copenhagen Chess Challenge 2010"]
[Site "Ballerup"]
[Date "2010.??.??"]
[Round "6"]
[White "Hove, Esben Kjems"]
[Black "Nilssen, John Arni"]
[Result "1-0"]
[WhiteElo "2269"]
[BlackElo "2372"]
[PlyCount "97"]
[EventDate "2010.??.??"]
[EventType "swiss"]
[EventRounds "9"]
[EventCountry "DEN"]

1. d4 Nf6 2. c4 g6 3. Nc3 d5 4. Nf3 Bg7 5. e3 O-O 6. cxd5 Nxd5 7. Bc4 Nxc3 8.
bxc3 c5 9. O-O Qc7 10. Bb3 b6 11. Ba3 Ba6 12. Re1 Nc6 13. Rc1 Na5 14. c4 Rad8
15. d5 e6 16. e4 exd5 17. exd5 Qf4 18. Rc2 Rfe8 19. Bc1 Rxe1+ 20. Qxe1 Qd6 21.
Bd2 Nxb3 22. axb3 Bc8 23. Bg5 f6 24. Bh4 Qd7 25. Re2 Kf7 26. Bg3 Bf8 27. Qa1
Qb7 28. Nd2 Qa6 29. Qxa6 Bxa6 30. Re1 Bc8 31. Bb8 Rd7 32. Ne4 h6 33. f3 a6 34.
Nxf6 Kxf6 35. Re8 Bb7 36. Rxf8+ Ke7 37. Rh8 h5 38. Kf2 a5 39. Ba7 a4 40. bxa4
Ba6 41. Bxb6 Kd6 42. Rg8 Bxc4 43. Rxg6+ Kxd5 44. Rg5+ Ke6 45. Rxc5 Rd2+ 46. Ke3
Re2+ 47. Kf4 Bd3 48. Rc3 Ba6 49. Re3+ 1-0

[Event "Copenhagen Chess Challenge 2010"]
[Site "Ballerup"]
[Date "2010.??.??"]
[Round "6"]
[White "Kristensen, Kaare Hove"]
[Black "Peschardt, Soren"]
[Result "1-0"]
[WhiteElo "2258"]
[BlackElo "2069"]
[PlyCount "45"]
[EventDate "2010.??.??"]
[EventType "swiss"]
[EventRounds "9"]
[EventCountry "DEN"]

1. e4 c5 2. Nc3 Nc6 3. Nge2 e5 4. Nd5 d6 5. Nec3 Nge7 6. Nxe7 Bxe7 7. Bc4 O-O
8. O-O Be6 9. d3 Bxc4 10. dxc4 f5 11. exf5 Rxf5 12. Be3 Qf8 13. Qd3 Qf7 14. Qd5
a6 15. Rad1 Qxd5 16. Nxd5 Bf8 17. Nb6 Re8 18. f3 Rf7 19. c3 g6 20. Rfe1 h5 21.
Bg5 Nd8 22. Bxd8 Rxd8 23. Rxe5 1-0

[Event "Copenhagen Chess Challenge 2010"]
[Site "Ballerup"]
[Date "2010.??.??"]
[Round "6"]
[White "Johansson, Anders"]
[Black "Rosenkilde, Alexander"]
[Result "1/2-1/2"]
[WhiteElo "2071"]
[BlackElo "2207"]
[PlyCount "116"]
[EventDate "2010.??.??"]
[EventType "swiss"]
[EventRounds "9"]
[EventCountry "DEN"]

1. Nf3 Nf6 2. c4 e6 3. g3 d5 4. Bg2 Be7 5. O-O O-O 6. d4 dxc4 7. Qc2 a6 8. Qxc4
b5 9. Qc2 Bb7 10. Bd2 Bd6 11. Re1 Be4 12. Qc1 Nbd7 13. Bf4 Rc8 14. Bxd6 cxd6
15. Qf4 Qb6 16. Nc3 Bb7 17. Rac1 Rc4 18. b3 Rc7 19. Qd2 Rfc8 20. e3 Bxf3 21.
Bxf3 Qa5 22. Bb7 Rxb7 23. Ne4 Qd8 24. Rxc8 Qxc8 25. Nxd6 Qc6 26. Nxb7 Qxb7 27.
Rc1 g6 28. Qc2 Qf3 29. Qd1 Qf5 30. Qc2 Qf3 31. Qd1 Qxd1+ 32. Rxd1 Kf8 33. Rc1
Nd5 34. a3 b4 35. axb4 Nxb4 36. Rc4 a5 37. Rc8+ Ke7 38. Ra8 Nc6 39. g4 Ndb8 40.
e4 Kd6 41. Kg2 f5 42. gxf5 gxf5 43. f3 Nd7 44. Rh8 Nxd4 45. exf5 exf5 46. Rxh7
Nxb3 47. Kg3 a4 48. Kf4 Nd4 49. Rh6+ Kd5 50. Ra6 Nc5 51. Ra8 Ke6 52. Ra5 Kf6
53. h4 Ndb3 54. Ra8 Nd3+ 55. Ke3 Nb2 56. Ra6+ Kg7 57. Kf4 Nd4 58. Ke5 Nxf3+
1/2-1/2